An analysis of the legal and social framework of domestic violence against men/ (Record no. 4187)

000 -LEADER
fixed length control field 00422nam a22001457a 4500
003 - CONTROL NUMBER IDENTIFIER
control field OSt
005 - DATE AND TIME OF LATEST TRANSACTION
control field 20190711123150.0
008 - FIXED-LENGTH DATA ELEMENTS--GENERAL INFORMATION
fixed length control field 190711b xxu||||| |||| 00| 0 eng d
050 ## - LIBRARY OF CONGRESS CALL NUMBER
Classification number HV6626.O36 2019
100 ## - MAIN ENTRY--PERSONAL NAME
Personal name Ogola, A. Julie
245 ## - TITLE STATEMENT
Title An analysis of the legal and social framework of domestic violence against men/
Statement of responsibility, etc Julie Akinyi Ogola
260 ## - PUBLICATION, DISTRIBUTION, ETC. (IMPRINT)
Place of publication, distribution, etc Nairobi
Date of publication, distribution, etc 2019
300 ## - PHYSICAL DESCRIPTION
Extent viii, 41p
Dimensions 26cm
942 ## - ADDED ENTRY ELEMENTS (KOHA)
Source of classification or shelving scheme
Koha item type Research Project
Holdings
Withdrawn status Lost status Source of classification or shelving scheme Damaged status Not for loan Home library Current library Shelving location Date acquired Total Checkouts Full call number Barcode Date last seen Price effective from Koha item type
          Riara University Library Riara University Library Special Collection 11/07/2019   RUSC HV6626.O36 2019 10136/19 11/07/2019 11/07/2019 Research Project

Riara University Library,
P.O. Box 49940-00100,
Nairobi, Kenya.